logo

Bir Sreshtho Munshi Abdur Rouf Library
Jhenaidah Cadet College

পরিবেশ ও স্বাস্থ্য বিজ্ঞানে মুহাম্মদ (স) / (Record no. 10574)

MARC details
000 -LEADER
fixed length control field 00808nam a2200217 a 4500
001 - CONTROL NUMBER
JCCL Control Number 10574
003 - CONTROL NUMBER IDENTIFIER
JCCL marc code BD-JhCC
005 - DATE AND TIME OF LATEST TRANSACTION
control field 20190904134018.0
008 - FIXED-LENGTH DATA ELEMENTS--GENERAL INFORMATION
fixed length control field 180723s20172013bg a|||| |||| 000 0 mul d
035 ## - SYSTEM CONTROL NUMBER
system control number (BD-JhCC)10574
040 ## - CATALOGING SOURCE
Original cataloging agency BD-JhCC
Modifying agency BD-JhCC
041 ## - LANGUAGE CODE
Language code of Book Bengali and Arabic
082 ## - DEWEY DECIMAL CLASSIFICATION NUMBER
Classification number 615.32
Author mark and Year MIA 2017
100 ## - MAIN ENTRY--PERSONAL NAME
Personal name মিয়া, মো: আ: ছালাম
245 ## - TITLE STATEMENT
Title পরিবেশ ও স্বাস্থ্য বিজ্ঞানে মুহাম্মদ (স) /
Statement of responsibility, etc মো: আ: ছালাম মিয়া,
260 ## - PUBLICATION, DISTRIBUTION, ETC. (IMPRINT)
Place of publication, distribution, etc ঢাকা :
Name of publisher, distributor, etc ইসলামিক হাউস ,
Date of publication, distribution, etc ২০১৭.
300 ## - PHYSICAL DESCRIPTION
Pagination ৩৫১ পৃ. :
Other physical details চিত্রাবলী;
Dimensions ২০ সেমি.
650 ## - SUBJECT ADDED ENTRY--TOPICAL TERM
Topical term or geographic name as entry element Herbal medicine
650 ## - SUBJECT ADDED ENTRY--TOPICAL TERM
Topical term or geographic name as entry element Medicinal Plants
942 ## - ADDED ENTRY ELEMENTS (KOHA)
Source of classification or shelving scheme Dewey Decimal Classification
Koha item type Books
Koha issues (borrowed), all copies 5
Holdings
Source of classification or shelving scheme Damaged status Not for loan Home library Current library Shelving location Date of accession Cost, normal purchase price Total Checkouts Full call number Barcode Date last seen Date checked out Copy number Koha item type
Dewey Decimal Classification     JCC Rouf Library JCC Rouf Library General Stacks 07/23/2018 300.00 3 615.32 MIA 2017 14165 11/06/2019 09/04/2019 C-1 Books

JCC Library | Contacts | JCC Home

Last Update on 23 September 2017
Copyright @ 2017-2020 JCC Rouf Library
Rouf Library, Jhenidah Cadet College (JCC), Bangladesh